[Event "Mitropa Cup 19th"]
[Site "Baden"]
[Date "1999.04.08"]
[Round "7"]
[White "Sax, Gyula"]
[Black "Olivier, Jean Christophe"]
[Result "1-0"]
[WhiteElo "2524"]
[BlackElo "2421"]
[PlyCount "72"]
[EventDate "1999.04.??"]
[EventType "team-tourn"]
[EventRounds "9"]
[EventCountry "SUI"]
[Source "ChessBase"]
[SourceDate "1999.08.01"]

1. e4 c5 2. Nf3 d6 3. d4 cxd4 4. Nxd4 Nf6 5. Nc3 a6 6. f4 e5 7. Nf3 Qc7 8. Bd3
Nbd7 9. O-O b5 10. Kh1 Bb7 11. Qe1 g6 12. a4 b4 13. Nd1 a5 14. c3 b3 15. fxe5
dxe5 16. Nd2 Bg7 17. Nxb3 O-O 18. Nf2 Bc6 19. Bc2 Nh5 20. Nh3 Nb6 21. Nc5 Nd7
22. Be3 Nxc5 23. Bxc5 Rfb8 24. b4 axb4 25. cxb4 Nf4 26. Bb3 h6 27. Rd1 Rd8 28.
Rxd8+ Rxd8 29. a5 Rd3 30. Nxf4 exf4 31. Bc4 Ra3 32. a6 Ra1 33. Qf2 Rxf1+ 34.
Qxf1 f3 35. Kg1 Be5 36. g3 h5 1-0

[Event "Mitropa Cup 19th"]
[Site "Baden"]
[Date "1999.04.08"]
[Round "7"]
[White "Stohl, Igor"]
[Black "Gallagher, Joseph G"]
[Result "1/2-1/2"]
[WhiteElo "2573"]
[BlackElo "2519"]
[PlyCount "21"]
[EventDate "1999.04.??"]
[EventType "team-tourn"]
[EventRounds "9"]
[EventCountry "SUI"]
[Source "ChessBase"]
[SourceDate "1999.08.01"]

1. d4 Nf6 2. c4 g6 3. g3 Bg7 4. Bg2 O-O 5. Nc3 d6 6. Nf3 Nbd7 7. O-O e5 8. e4
a6 9. Re1 exd4 10. Nxd4 Ng4 11. h3 1/2-1/2

[Event "Mitropa Cup 19th"]
[Site "Baden"]
[Date "1999.04.08"]
[Round "7"]
[White "Tratar, Marko"]
[Black "Zelcic, Robert"]
[Result "0-1"]
[WhiteElo "2450"]
[BlackElo "2554"]
[Annotator "Ribli"]
[PlyCount "90"]
[EventDate "1999.04.??"]
[EventType "team-tourn"]
[EventRounds "9"]
[EventCountry "SUI"]
[Source "ChessBase"]
[SourceDate "1999.08.01"]

1. Nf3 Nf6 2. c4 e6 3. g3 a6 {Diese Fortsetzung wurde von Romanishin in die
Turnierpraxis eingeführt. Schwarz möchte mit ...b7-b5 eine assymetrische
Stellung anstreben. Ribli.} 4. Bg2 b5 5. Ne5 {Dieser Zug ist nicht schlecht,
aber die Alternative 5.b3 erscheint mir chancenreicher. Mit diesem direkten
Zug erreict Weiß keinen Eröffnungsvorteil.} c6 {Die Diagonale ist geschlossen
und  im folgenden gewinnt Schwarz ein Tempo gegen den e5-Springer.} (5... Ra7
6. d4 $5 Bb7 (6... d6 7. Be3 $1 dxe5 $5 $146 (7... Bb7 8. d5 dxe5 9. Bxa7 bxc4
10. Bxb8 Qxb8 11. Qa4+ Kd8 12. Nc3 {1-0 Mishuchkov,N-Lugovoi,A/St.Petersburg
1992/CBM 28 ext (29)}) (7... c5 8. Nc6 Nxc6 9. Bxc6+ Bd7 10. Bf3 Qc8 11. dxc5
dxc5 12. Qc2 bxc4 13. Qxc4 Nd5 14. Bd2 Be7 15. Nc3 Nb4 16. O-O O-O 17. Rac1 {
1-0 Neckar,L-Panchenko,A/Prague 1982/EXT 98 (32)}) 8. dxe5 Qxd1+ 9. Kxd1 c5 10.
exf6 gxf6 11. Nc3 Bb7 12. Bxb7 Rxb7 13. cxb5 axb5 14. a4 $1 {1-0 Greenfeld,
A-Loginov,V/Beer_Sheva 73/10 1998/Inf 73/[Greenfeld,A] (55)}) 7. d5 Bd6 8. Qd4
Ra8 9. Nc3 Qe7 $14 {0-1 Neckar,L-Allegro,V/Sion 1990/EXT 97 (32)}) 6. b3 (6.
cxb5 axb5 7. O-O Be7 8. d4 O-O 9. Qc2 Bb7 10. Nc3 d6 11. Nf3 Nbd7 12. Rd1 Qa5
13. b3 Rfc8 14. Ng5 d5 {0-1 Kraschl,J-Zelcic,R/Velden 1994/TD (23)}) (6. d4
bxc4 7. Nxc4 d5 8. Ne5 Nbd7 9. Nxc6 Qc7 10. Ne5 Nxe5 11. dxe5 Qxe5 12. O-O Be7
13. Nc3 O-O 14. Bf4 Qf5 15. Qd4 Qh5 16. e4 dxe4 17. Nxe4 Bb7 {0-1 Stangl,
M-Renet,O/Altensteig 1987/CBM 04 (29)}) 6... Qb6 {[%csl Gb6] In einigen
Varianten droht Schwarz ...Qd4 und nach ...Bb7 ist der Läufer gedeckt.} 7. d4 (
7. Bb2 d6 8. Nf3 (8. Nd3 $6 {[%csl Rd3]}) 8... Nbd7 $11 (8... bxc4 $6 {[%cal
Gb6b2]} 9. Bxf6 gxf6 10. bxc4 $14) (8... Ne4 9. O-O bxc4 10. Qc2 $14 {[%cal
Gc2b2]})) (7. Qc2 $5) 7... d6 8. Nf3 Bb7 9. Nbd2 c5 $11 {Schwarz ist
harmonisch entwickelt und hat keine Schwächen. Er kann mit dem
Eröffnungsergebnis zufrieden sein.} 10. dxc5 (10. Bb2 $11) 10... dxc5 11. O-O
Be7 12. Bb2 O-O 13. Ne5 $6 {Weiß spielt sehr aggressiv auf Remis und möchte
soviele Figuren wie möglich tauschen. Schwarz kann inzwischen einige Tempi
gewinnen.} (13. Qc2 $11) 13... Bxg2 14. Kxg2 Rd8 {[%cal Gd8d1]} 15. Qc2 Nc6 $15
{Die schwarze Figurenkoordination ist besser, aber dieser Vorteil ist schwer
zu verwerten, denn die weiße Stellung weist keinerlei Schwächen auf.} 16. Nxc6
(16. Rad1 $15) 16... Qxc6+ 17. Kg1 (17. e4 $2 Rxd2 18. Qxd2 Nxe4 $17 {[%cal
Re4d2,Rc6g2]}) 17... b4 {[%csl Gc6] Schwarz hat Raumvorteil am Damenflügel und
seine Dame steht ausgezeichnet auf c6.} 18. Rad1 {Ein natürlicher, aber etwas
schablonenhafter Zug. Ich denke, es wäre besser, zuerst die Situation am
Damenflügel zu klären.} (18. a4 $5) (18. Nf3) 18... a5 {[%cal Ga5a4]} 19. Bxf6
$6 {Weiß tauscht alles, was er kann. Es wäre meines Erachtens besser, den
Läufer auf dem Brett zu behalten.} (19. a4 bxa3 20. Bxa3 a4 $15 {Schwarz
entfaltet etwas Initiative, aber mit gutem Spiel sollte Weiß die Stellung
halten können.}) 19... Bxf6 20. Ne4 Be7 21. f4 {Weiß räumt das Feld f2 für den
Springer.} h6 (21... a4 $15) (21... f5 22. Nf2 Bf6 $15) 22. Nf2 Bf6 {[%cal
Gf6a1]} 23. Qe4 (23. Ne4 $2 Bd4+ 24. Nf2 (24. Kg2 $4 f5) 24... a4 $36) 23...
Qa6 $5 {Schwarz hat mehr Chancen mit Damen auf dem Brett.} (23... Qxe4 24. Nxe4
Bd4+ 25. Kg2 f5 26. Nd2 a4 $15) 24. Rxd8+ (24. Ng4 Bd4+ (24... Bc3 $15) 25. e3
f5 {[%cal Rf5e4,Rf5g4]}) 24... Rxd8 25. Rd1 Rxd1+ 26. Nxd1 a4 {Das Material
ist reduziert, aber Schwarz hat die Initiative. Gewöhnlich ist das
Zusammenspiel Q+N besser als Q+B, aber in unserer Stellung steht der Läufer
ausgezeichnet in der langen Diagonalen, während der weiße Springer eine
passive Rolle spielt.} 27. Qc2 axb3 28. axb3 (28. Qxb3 {Weiß vermeidet das
Eindringen der schwarzen Dame auf a1, aber beide Bauern (a2 und c4) sind
schwach.} e5 $15) 28... Qa1 {[%csl Ga1][%cal Ga1g1]} 29. e3 g6 30. h3 e5 $1 {
Schwarz hat Raumvorteil am Damenflügel und seine Dame steht schön auf a1. Das
ist aber noch zu wenig für den Gewinn. Mit dem Partiezug möchte Schwarz daher
die weiße Königsstellung schwächen.} 31. Kh2 exf4 32. gxf4 (32. exf4 h5 33. h4
Bd4 $15) 32... Kg7 33. Kg1 Qa8 {[%cal Ga8f3] Es droht ...Qf3.} 34. Qg2 Qd8 35.
Qe2 Qd7 36. Nf2 (36. Kg2 $15) 36... Qa7 37. Qd3 Qa1+ 38. Kg2 $2 {Dieser Zug
erleichtert dem Schwarzen seine Aufgabe.} (38. Nd1) 38... Qb2 $17 {[%csl Rf2,
Rg2] Der weiße Springer steht sehr schlecht. Es droht 39...Bh4. Wegen der
Fesselung auf der zweiten Reihe geht 39.Nd1 nicht.} 39. Kf3 (39. Kg3 Bh4+ $1 (
39... Bc3) 40. Kxh4 Qxf2+ 41. Kg4 h5+ 42. Kg5 Qg3#) 39... Bh4 {[%csl Rf2]} 40.
Ng4 (40. Nd1 Qh2 $17 {[%csl Rf3,Rh3]}) (40. Qf1 Qxb3 $19) 40... h5 $19 {[%csl
Rg4] Der Springer findet keinen ruhigen Platz. Schwarz gewinnt die Partie mit
einfachen Zügen.} 41. Ne5 Qf2+ 42. Ke4 Qg2+ {[%csl Re4]} 43. Nf3 f5+ {[%csl
Rf3] Dieser Zug gewinnt die Figur.} 44. Ke5 Qxf3 45. Qd7+ Kh6 {[%csl Rh6] Weiß
gab auf. Er hat eine Figur weniger.} 0-1

[Event "Mitropa Cup 19th"]
[Site "Baden"]
[Date "1999.04.08"]
[Round "7"]
[White "Varga, Zoltan"]
[Black "Benitah, Yohan"]
[Result "1/2-1/2"]
[WhiteElo "2518"]
[BlackElo "2341"]
[PlyCount "68"]
[EventDate "1999.04.??"]
[EventType "team-tourn"]
[EventRounds "9"]
[EventCountry "SUI"]
[Source "ChessBase"]
[SourceDate "1999.08.01"]

1. e4 e6 2. d4 d5 3. Nc3 Nf6 4. Bg5 Bb4 5. e5 h6 6. Bd2 Bxc3 7. bxc3 Ne4 8. Qg4
g6 9. Bd3 Nxd2 10. Kxd2 c5 11. h4 Qa5 12. Nf3 Nc6 13. Qf4 cxd4 14. Nxd4 Nxd4
15. Qxd4 Bd7 16. Rhb1 O-O-O 17. Rb4 Bc6 18. Rab1 Rd7 19. a4 Kb8 20. R1b3 Rc8
21. g3 Ka8 22. Ra3 Rdc7 23. Rb1 Be8 24. Qb4 Qc5 25. Qxc5 Rxc5 26. Rb4 Ra5 27.
Kc1 Kb8 28. Rf4 Kc7 29. h5 gxh5 30. Rf6 Kd8 31. Rxh6 Rxa4 32. Rb3 Bc6 33. Rxh5
Ke7 34. Rh7 Rg8 1/2-1/2

[Event "Mitropa Cup 19th"]
[Site "Baden"]
[Date "1999.04.09"]
[Round "8"]
[White "Acs, Peter"]
[Black "Naumann, Alexander"]
[Result "1-0"]
[WhiteElo "2521"]
[BlackElo "2480"]
[PlyCount "115"]
[EventDate "1999.04.??"]
[EventType "team-tourn"]
[EventRounds "9"]
[EventCountry "SUI"]
[Source "ChessBase"]
[SourceDate "1999.08.01"]

1. e4 c5 2. Nf3 d6 3. d4 cxd4 4. Nxd4 Nf6 5. Nc3 a6 6. Be2 e5 7. Nb3 Be7 8. O-O
O-O 9. Kh1 b6 10. Be3 Bb7 11. f3 Nbd7 12. a4 Qc7 13. Rf2 Rfd8 14. Bf1 Nc5 15.
Rd2 Ncd7 16. Nc1 Rac8 17. N1a2 Qb8 18. Nb4 Qa8 19. Nbd5 Nxd5 20. Nxd5 Bxd5 21.
Rxd5 Qb7 22. Qe2 a5 23. c3 h6 24. Rad1 Nc5 25. Qb5 Rb8 26. R5d2 Qc7 27. Bf2 Bg5
28. Rd5 Ne6 29. g3 Be7 30. Qb3 Nc5 31. Qa2 Ra8 32. Bb5 Ne6 33. Kg2 h5 34. R5d2
Bg5 35. Re2 Rab8 36. Bc4 Qe7 37. Bd5 h4 38. Bxe6 fxe6 39. gxh4 Bf4 40. Bg3 Rf8
41. Qc4 Kh8 42. Qc6 Qf6 43. Rd3 Rfc8 44. Qxd6 Rd8 45. Qc7 Rd5 46. Qxb8+ Kh7 47.
Qe8 g6 48. Qb5 Rd6 49. c4 g5 50. hxg5 Qxg5 51. c5 bxc5 52. Qxc5 Rd7 53. Qxa5
Rg7 54. Qe1 Rg6 55. a5 Qh5 56. a6 Bxg3 57. hxg3 Rh6 58. Qg1 1-0

[Event "Mitropa Cup 19th"]
[Site "Baden"]
[Date "1999.04.09"]
[Round "8"]
[White "Benitah, Yohan"]
[Black "Jenni, Florian"]
[Result "0-1"]
[WhiteElo "2341"]
[BlackElo "2394"]
[PlyCount "170"]
[EventDate "1999.04.??"]
[EventType "team-tourn"]
[EventRounds "9"]
[EventCountry "SUI"]
[Source "ChessBase"]
[SourceDate "1999.08.01"]

1. d4 Nf6 2. c4 g6 3. Nc3 Bg7 4. e4 O-O 5. f3 d6 6. Bg5 c5 7. d5 e6 8. Qd2 exd5
9. cxd5 Bd7 10. Bd3 Na6 11. Nge2 Rb8 12. O-O b5 13. Ng3 c4 14. Be2 Nc5 15. Nd1
Re8 16. Kh1 Rc8 17. Rc1 a5 18. Nc3 a4 19. Nb1 h5 20. Qf4 Qe7 21. Rfd1 Ra8 22.
Nf1 Bc8 23. Ne3 Qe5 24. Qxe5 dxe5 25. Nc2 Bd7 26. Nb4 Rec8 27. Na3 Ne8 28. Be3
Bf8 29. Nb1 f6 30. Bd2 Nd6 31. Bc3 Bh6 32. Rc2 Re8 33. Nc6 Na6 34. a3 Rac8 35.
Bd2 Bg7 36. Be3 Bf8 37. Nc3 Bg7 38. Na7 Rc7 39. Nc6 Rcc8 40. Na7 Rc7 41. Nc6
Rb7 42. Na5 Rbb8 43. Nc6 Ra8 44. Na2 Kh7 45. Nc3 Bf8 46. Rcd2 Rec8 47. h3 h4
48. Kh2 Bh6 49. Bxh6 Kxh6 50. g3 hxg3+ 51. Kxg3 Nc5 52. Bf1 Kg7 53. Bg2 Rh8 54.
Rh1 Rh5 55. h4 Rah8 56. Bf1 f5 57. exf5 Nxf5+ 58. Kf2 Bxc6 59. dxc6 Nd4 60. Kg3
Rc8 61. f4 exf4+ 62. Kxf4 Ncb3 63. Rf2 Rxc6 64. Kg4 Re6 65. Bg2 Rhe5 66. Bd5
Rd6 67. Rf7+ Kh6 68. Ne4 Rexd5 69. Nxd6 Rxd6 70. h5 Nc6 71. hxg6+ Kxg6 72. Rb7
Nbd4 73. Kf4 Ne6+ 74. Ke3 Rd3+ 75. Ke2 Ncd4+ 76. Ke1 Rb3 77. Rg1+ Kf6 78. Rg2
Ke5 79. Kd1 Rd3+ 80. Ke1 Nf4 81. Rg5+ Ke4 82. Re7+ Kf3 83. Kf1 Rd1+ 84. Re1 Rd2
85. Rg8 Nf5 0-1

[Event "Mitropa Cup 19th"]
[Site "Baden"]
[Date "1999.04.09"]
[Round "8"]
[White "Gallagher, Joseph G"]
[Black "Bergez, Luc"]
[Result "1/2-1/2"]
[WhiteElo "2519"]
[BlackElo "2378"]
[PlyCount "126"]
[EventDate "1999.04.??"]
[EventType "team-tourn"]
[EventRounds "9"]
[EventCountry "SUI"]
[Source "ChessBase"]
[SourceDate "1999.08.01"]

1. e4 c5 2. Nf3 d6 3. d4 cxd4 4. Nxd4 Nf6 5. Nc3 g6 6. Bc4 Bg7 7. O-O Nc6 8.
Re1 Qb6 9. Nb3 Bg4 10. Qd3 O-O 11. Qg3 Ne5 12. Bf1 Nh5 13. Qe3 Qxe3 14. Bxe3
Rfc8 15. f4 Nc4 16. Bxc4 Rxc4 17. Nd2 Rcc8 18. h3 Bd7 19. g4 Nf6 20. Bd4 b5 21.
a3 a5 22. Nf3 Bc6 23. g5 Nh5 24. Bxg7 Kxg7 25. f5 gxf5 26. Nd4 fxe4 27. Nf5+
Kf8 28. Nxe4 Nf4 29. h4 Ng6 30. c3 Bd7 31. Neg3 Rc4 32. h5 Ne5 33. Nd4 Rac8 34.
Re3 b4 35. axb4 axb4 36. Ra7 bxc3 37. bxc3 Rxc3 38. Rxc3 Rxc3 39. Ngf5 Nf3+ 40.
Kf2 Nxd4 41. Nxd4 Ke8 42. h6 e5 43. Ne2 Rc2 44. Ke3 Bf5 45. Ng3 Bg6 46. Ne4
Bxe4 47. Kxe4 Rc4+ 48. Kf3 d5 49. Kg3 Rc6 50. Kg4 d4 51. Kf5 d3 52. Ra8+ Kd7
53. Ra7+ Kc8 54. Ra8+ Kc7 55. Ra7+ Kb6 56. Rd7 Rc3 57. Kxe5 Kc6 58. Rd6+ Kc7
59. Rd4 Rc5+ 60. Kf6 Rc6+ 61. Kxf7 Rg6 62. Rxd3 Rxg5 63. Rc3+ Kd7 1/2-1/2

[Event "Mitropa Cup 19th"]
[Site "Baden"]
[Date "1999.04.09"]
[Round "8"]
[White "Hug, Werner"]
[Black "Boyd, Stephen"]
[Result "1/2-1/2"]
[WhiteElo "2473"]
[BlackElo "2370"]
[PlyCount "117"]
[EventDate "1999.04.??"]
[EventType "team-tourn"]
[EventRounds "9"]
[EventCountry "SUI"]
[Source "ChessBase"]
[SourceDate "1999.08.01"]

1. d4 g6 2. Nf3 Bg7 3. Bg5 Nf6 4. Nbd2 O-O 5. e3 d6 6. Bc4 Nbd7 7. O-O c5 8. c3
b6 9. a4 a6 10. Re1 d5 11. Ba2 Bb7 12. b4 Rc8 13. Qb3 Bc6 14. b5 Bb7 15. Qb2
Ra8 16. Bb3 Re8 17. Rad1 axb5 18. axb5 Ne4 19. Nxe4 dxe4 20. Ne5 Nxe5 21. dxe5
Qc8 22. c4 Qf5 23. Bf4 g5 24. Bg3 h5 25. h3 h4 26. Bh2 g4 27. hxg4 Qxg4 28. Qe2
Qg6 29. Rd2 Bc8 30. f4 Bf5 31. Qf2 Qh6 32. Bd1 Ra1 33. Be2 Rea8 34. Rd8+ Rxd8
35. Rxa1 f6 36. exf6 Bxf6 37. Rd1 Rd6 38. Qe1 Qg6 39. Rxd6 exd6 40. Qd1 Be7 41.
Kf2 Be6 42. Qa1 Qe8 43. Qa7 Qd8 44. Qb7 d5 45. Qc6 Bf7 46. cxd5 Qxd5 47. Qxb6
c4 48. Qb8+ Kh7 49. Qc7 Bc5 50. Qa5 Bf8 51. Qa4 Bc5 52. Qd1 c3 53. Qc1 Qb3 54.
Bd1 c2 55. Bxc2 Bxe3+ 56. Qxe3 Qxc2+ 57. Qe2 Qc5+ 58. Qe3 Qc2+ 59. Qe2 1/2-1/2

[Event "Mitropa Cup 19th"]
[Site "Baden"]
[Date "1999.04.09"]
[Round "8"]
[White "Kindermann, Stefan"]
[Black "Sax, Gyula"]
[Result "1/2-1/2"]
[WhiteElo "2541"]
[BlackElo "2524"]
[PlyCount "26"]
[EventDate "1999.04.??"]
[EventType "team-tourn"]
[EventRounds "9"]
[EventCountry "SUI"]
[Source "ChessBase"]
[SourceDate "1999.08.01"]

1. e4 c5 2. d3 g6 3. g3 d5 4. Nd2 Nf6 5. Bg2 dxe4 6. dxe4 Nc6 7. Ngf3 Bg7 8.
O-O O-O 9. c3 Ng4 10. Qe2 Qc7 11. h3 Nge5 12. Nxe5 Nxe5 13. f4 Nc6 1/2-1/2

[Event "Mitropa Cup 19th"]
[Site "Baden"]
[Date "1999.04.09"]
[Round "8"]
[White "Lehner, Oliver"]
[Black "Stohl, Igor"]
[Result "0-1"]
[WhiteElo "2408"]
[BlackElo "2573"]
[PlyCount "148"]
[EventDate "1999.04.??"]
[EventType "team-tourn"]
[EventRounds "9"]
[EventCountry "SUI"]
[Source "ChessBase"]
[SourceDate "1999.08.01"]

1. Nf3 g6 2. c4 Bg7 3. e4 e5 4. d4 exd4 5. Nxd4 Nf6 6. Nc3 O-O 7. Be3 Re8 8. f3
c6 9. Qb3 Na6 10. O-O-O Nc5 11. Qa3 Na6 12. c5 Nc7 13. Bc4 Qe7 14. Bf4 Ne6 15.
Bd6 Qd8 16. Nxe6 dxe6 17. g4 Nd7 18. h4 b5 19. cxb6 Qxb6 20. Na4 Qa5 21. b4 Qd8
22. Nc5 a5 23. Nxd7 Bxd7 24. e5 axb4 25. Qxb4 c5 26. Qc3 Bc6 27. Rh2 Bd5 28.
Qb3 Qa5 29. Rc2 Bxc4 30. Rxc4 Qxa2 31. Qxa2 Rxa2 32. Rd3 f6 33. Rxc5 fxe5 34.
Bxe5 Bxe5 35. Rxe5 Rh2 36. h5 gxh5 37. gxh5 Kf7 38. Rd7+ Kf6 39. Rc5 Rg8 40.
Rc2 Rxh5 41. Re2 Rg3 42. f4 Rhh3 43. Kb2 Rf3 44. Rd8 Re3 45. Rg2 Re4 46. Kc2
Rxf4 47. Re2 Ra4 48. Kb2 Rb4+ 49. Kc2 Ra3 50. Rf2+ Ke7 51. Rff8 Rh4 52. Rfe8+
Kf6 53. Kb2 Re3 54. Rd2 Rhe4 55. Rf2+ Ke5 56. Rf7 Rg4 57. Rf2 h5 58. Kc2 h4 59.
Kd2 Ree4 60. Rh8 Ra4 61. Re2+ Rge4 62. Rh5+ Kf6 63. Rf2+ Rf4 64. Rg2 e5 65. Rg8
Ra2+ 66. Ke3 Ra3+ 67. Ke2 Rb4 68. Rf8+ Ke7 69. Rc8 Rb2+ 70. Kd1 h3 71. Rxe5+
Kd7 72. Rc2 Ra1+ 73. Rc1 h2 74. Re1 Rxc1+ 0-1

[Event "Mitropa Cup 19th"]
[Site "Baden"]
[Date "1999.04.09"]
[Round "8"]
[White "Manik, Mikulas"]
[Black "Neubauer, Martin"]
[Result "1-0"]
[WhiteElo "2478"]
[BlackElo "2304"]
[Annotator "Wedberg"]
[PlyCount "54"]
[EventDate "1999.04.??"]
[EventType "team-tourn"]
[EventRounds "9"]
[EventCountry "SUI"]
[Source "ChessBase"]
[SourceDate "1999.08.01"]

1. e4 e5 2. Nf3 Nc6 3. Bb5 Nf6 4. O-O Nxe4 5. d4 Nd6 6. Bxc6 dxc6 7. dxe5 Nf5
8. Qxd8+ Kxd8 9. Nc3 Ke8 10. Rd1 a5 11. h3 Ne7 {One of many possibilities.} (
11... a4 $5 12. g4 (12. Bg5 Be6 13. g4 $6 (13. a3) 13... Ne7 14. Nd4 Nd5 15.
Ndb5 Rc8 $15 {0-1 Yemelin,V-Aleksandrov,A/St.Petersburg 1996/CBM 56 ext/
[Notkin] (33)}) 12... Ne7 13. Nd4 Ra5 14. Bf4 Be6 15. b4 Ra8 16. b5 c5 $13 {1/
2-1/2 De la Villa Garcia,J-Giorgadze,G/Mondariz 1997/EXT 99 (99)}) (11... h5 $6
{><g5} 12. Ne2 Be7 13. Bg5 a4 14. Rd2 a3 15. b3 f6 16. exf6 gxf6 17. Bf4 $14 {
1-0 Hansen,S-Nikcevic,N/Koszalin 1998/CBM 65 ext (31)}) (11... h6 12. b3 (12.
a3) 12... Bb4 13. Bb2 (13. Ne4) 13... Bxc3 $1 14. Bxc3 c5 $15 {0-1 Comp Fritz
5-Anand,V/Frankfurt 1998/EXT 99 (94)}) 12. Nd4 (12. Ne2 Nd5 13. Nf4 Nxf4 14.
Bxf4 Bc5 15. a3 a4 16. Rd2 h6 $11 {Kuczynski,R-Mokry,K/Manila/1992/0,5/20/})
12... Bd7 13. Bg5 Ng6 14. Re1 Bb4 15. Bd2 Bxc3 16. Bxc3 Ke7 $2 (16... Be6 17.
Nxe6 fxe6 18. Rad1 b6 19. Rd2 Rd8 20. Rxd8+ Kxd8 $11) (16... Nf4 17. e6 Nxe6
18. Nf5 Kf8 19. Rad1 $14) 17. e6 $1 $16 {This thrust must always be taken
seriously by Black. It changes the topology of the position completely. The
hampered B on c3 becomes a dragon.} fxe6 18. Nf5+ Kf7 19. Nxg7 Rhg8 20. Rad1
Rad8 21. Nh5 e5 22. Bxe5 Nxe5 23. Rxe5 Be6 24. Rde1 Rge8 25. Rxa5 Rd2 26. Rc5
Bxa2 27. Rf5+ Kg6 (27... Kg6 28. Rf6+ Kxh5 29. Rxe8 $18) 1-0